| 000 | 00915cadca22002415a 4500 | ||
|---|---|---|---|
| 001 | L137846 | ||
| 008 | 101026s2009 xxkq wsrss 000 00eng d | ||
| 035 | _a(Sirsi) u137846 | ||
| 041 | 0 | _aeng | |
| 110 | 2 |
_aKing Sturge _93877 |
|
| 245 | 0 | 0 |
_aOffice occupier trends _h[electronic resource] |
| 260 |
_aLondon _bKing Sturge _c2009 |
||
| 362 | 0 | _aQ2 2009- | |
| 490 | 0 | _aOffice Occupier Trends | |
| 520 | _aComments on occupier trends in the UK office market. Covers activity by sector, office centre, grade and tenure of office space, and office enquiries. | ||
| 554 | _aQuarterly | ||
| 650 | 2 | 4 | _aKING STURGE OFFICE OCCUPIER TRENDS |
| 651 | 4 |
_aUnited Kingdom _y |
|
| 690 | _aPROPERTY-COMMERCIAL PROPERTY-OFFICE PROPERTY | ||
| 690 | _aPROPERTY-COMMERCIAL PROPERTY-COMMERCIAL PROPERTY MARKET | ||
| 856 | 4 | 0 |
_uhttps://www.kingsturge.co.uk/ _zView the item free of charge at www.kingsturge.co.uk... |
| 942 | _n0 | ||
| 999 |
_c118918 _d118918 |
||